000 01144naa a22003017a 4500
001 BR8006550
003 BR-BrBNA
005 20240918174703.0
007 ta
008 230509b bl.||||| |||| 00| 0 por d
040 _aBR-BrBNA
_bpor
_cBiblioteca Nacional de Agricultura
041 _a(Pt)
072 _aF28
_b/G514
090 _aF28 BR8006550
100 1 _aZenker, R.
111 1 _a2. Simposio de Conservacao de Solos do Planalto
_cPasso Fundo, RS (Brazil)
_d30 Jun - 4 Jul 1980
245 1 _aProblemas de conservacao do solo do Planalto [compactacao do solo, plantio direto, Rio Grande do Sul, Brasil]
260 3 _aPasso Fundo, RS (Brasil):
_c1980.
500 _aAnais do 2. Simposio de Conservacao de Solos do Planalto Passo Fundo, RS (Brasil): 1980. p. 36-41 (BR8006550-AM)F28
650 _aCONSERVACAO DO SOLO
650 _aPLANTIO DIRETO
650 _aCOMPACTACAO DO SOLO
650 _aTERRACO
650 _aEROSAO DO SOLO
773 0 _tAnais do 2. Simposio de Conservacao de Solos do Planalto
_wF28 BR8006550
_gPasso Fundo, RS (Brasil), 1980. p. 36-41
909 _a202404
_bLucia
_c55
_dLucia Elande
942 _cAM
_2AGRIS
999 _c312874
_d312874